000 00714cam a2200253 4500
008 090401t1992 xxu||||| |||| 00| 0 eng d
020 _a0117302058
035 _a(Sirsi) u60414
041 _aeng
050 _a346.410434
110 _aEngland and Wales
_bLaw Commission
_93302
245 _aLandlord and tenant: responsibility for state and condition of property
260 _aLondon
_bHMSO
_c1992
300 _avi,72p. ; 30cm.
350 _a9.75
490 _aConsultation Paper
_v123
650 _aCONTRACT
650 _aLAW
650 _aBUILT ENVIRONMENT-BUILDING MAINTENANCE AND REFURBISHMENT
650 _aREPAIRS
690 _aLANDLORD AND TENANT
_96252
942 _n0
948 _c04/03/1997
999 _c94232
_d94232